000
00319nam a22001457a 4500
005
20170401155941.0
008
170401b xxu||||| |||| 00| 0 eng d
020
_a
81-7956-047-03
041
_a
eng
100
_a
SINGH,R.P
_9
3796
245
_a
MINING MACHINERY
300
_a
341
650
_a
MINING
_9
3797
942
_c
BK
999
_c
5400
_d
5398